000 00444nam a2200169Ia 4500
003 LDD
008 190117s9999 xx 000 0 und d
020 _c₹250
040 _cLDD
041 _ahi
082 _a8h3.7 शु1166का
100 _aशुक्ल, प्रयाग
245 0 _aकाई
_cप्रयाग शुक्ल
260 _aदिल्ली
_bअनुराग
_c1995
300 _a72
942 _2ddc
_cH
999 _c171858
_d171858